[Event "Int. Stuttgarter Stadtmeisterschaft C"]
[Site "Ditzingen"]
[Date "2012.05.18"]
[Round "3.20"]
[White "Rümmele, Tobias"]
[Black "Erben, Katrin"]
[Result "1-0"]
[WhiteElo "1418"]
[BlackElo "1234"]
[PlyCount "45"]
[EventDate "2012.??.??"]
[WhiteTeam "SV Besigheim"]
[BlackTeam "SV Stuttgart-Wolfbusch 1956 e.V."]

1. Nf3 d5 2. g3 Bg4 3. Bg2 e6 4. O-O Nc6 5. b3 Nf6 6. Bb2 Bd6 7. d4 O-O 8. Nbd2
Re8 9. c4 b6 10. Re1 Bb4 11. a3 Bxd2 12. Nxd2 Qe7 13. Rc1 e5 14. cxd5 Nxd4 15.
d6 cxd6 16. Bxa8 Rxa8 17. Bxd4 exd4 18. Nf3 d5 19. b4 Ne4 20. Qxd4 Qe6 21. Qe5
Qh6 22. Qxd5 Nf6 23. Qxa8+ 1-0

[Event "Int. Stuttgarter Stadtmeisterschaft C"]
[Site "Ditzingen"]
[Date "2012.05.18"]
[Round "4.1"]
[White "Visvikis, Christos"]
[Black "Dietermann, Frank"]
[Result "0-1"]
[WhiteElo "1320"]
[BlackElo "1432"]
[PlyCount "40"]
[EventDate "2012.??.??"]
[WhiteTeam "SK Villingen"]
[BlackTeam "SC Grunbach"]

1. e4 a6 2. d4 b5 3. c4 Bb7 4. cxb5 Bxe4 5. Nc3 Bb7 6. bxa6 Nxa6 7. Bf4 Nf6 8.
Bc4 Bxg2 9. Qb3 e6 10. d5 Nc5 11. Qb5 exd5 12. Nxd5 Nxd5 13. Bxd5 Bxd5 14. f3
c6 15. Qf1 Qh4+ 16. Bg3 Qb4+ 17. Kf2 Qxb2+ 18. Ne2 Nd3+ 19. Kg2 Bc5 20. Rd1
Rxa2 0-1

[Event "Int. Stuttgarter Stadtmeisterschaft C"]
[Site "Ditzingen"]
[Date "2012.05.18"]
[Round "4.2"]
[White "Udaykumar, Arunn Mark"]
[Black "Schröder, Oliver"]
[Result "1/2-1/2"]
[WhiteElo "1253"]
[BlackElo "1370"]
[PlyCount "83"]
[EventDate "2012.??.??"]
[WhiteTeam "SK Villingen"]
[BlackTeam "SV Lahn Limburg"]

1. e4 e5 2. Nf3 Nc6 3. d4 exd4 4. Bc4 Be7 5. Nxd4 Nxd4 6. Qxd4 Bf6 7. Qd5 Qe7
8. O-O c6 9. Qd2 d6 10. Nc3 Be6 11. Bb3 Rd8 12. Re1 Qd7 13. Qd3 Ne7 14. Qg3 Ng6
15. Bg5 Qe7 16. Bxf6 Qxf6 17. Bxe6 fxe6 18. Re3 O-O 19. h4 Qxh4 20. Qxh4 Nxh4
21. e5 d5 22. Ne2 Ng6 23. g3 d4 24. Re4 c5 25. Rd1 Rd5 26. f4 Rfd8 27. Kg2 Ne7
28. g4 d3 29. cxd3 Rxd3 30. Rf1 Nd5 31. Rf3 Rxf3 32. Kxf3 g6 33. Ng3 Ne7 34.
Rc4 b6 35. b4 Rc8 36. bxc5 bxc5 37. Ne4 Nd5 38. Rxc5 Rxc5 39. Nxc5 Kf7 40. Ne4
h6 41. Nd6+ Kg7 42. Ne8+ 1/2-1/2

[Event "Int. Stuttgarter Stadtmeisterschaft C"]
[Site "Ditzingen"]
[Date "2012.05.18"]
[Round "4.3"]
[White "Su, Kai"]
[Black "Sax, Leon"]
[Result "1/2-1/2"]
[WhiteElo "1375"]
[BlackElo "1251"]
[PlyCount "99"]
[EventDate "2012.??.??"]
[WhiteTeam "Spvgg Böblingen"]
[BlackTeam "SC Gross-Sachsenheim"]

1. e4 e6 2. d4 d5 3. exd5 exd5 4. Bd3 Nc6 5. Nf3 Bg4 6. Be3 Nf6 7. Nbd2 Bd6 8.
c3 O-O 9. Qc2 Re8 10. O-O-O a5 11. h3 Bxf3 12. Nxf3 Ne4 13. Nd2 Nf6 14. g4 g6
15. g5 Nh5 16. Kb1 Bf4 17. Nf1 Bxe3 18. Nxe3 Qxg5 19. Rdg1 Qd8 20. Qd1 Nf4 21.
Rg4 Nxd3 22. Qxd3 Ne7 23. Rg3 c6 24. Ng4 Nf5 25. Rg2 Qe7 26. Ne5 Kh8 27. Rg4
Nh6 28. Rf4 f6 29. Rh4 fxe5 30. Rxh6 e4 31. Qg3 Qg7 32. Qg5 Rf8 33. Rh2 Rf5 34.
Qe3 Raf8 35. Rg2 Rf3 36. Qg5 Rxf2 37. Rxf2 Rxf2 38. Rh4 a4 39. Rf4 Rxf4 40.
Qxf4 h6 41. Qb8+ Kh7 42. Qa8 Qd7 43. Qxa4 Qxh3 44. Qa8 Qf1+ 45. Kc2 Qd3+ 46.
Kb3 Qb5+ 47. Kc2 e3 48. Qe8 e2 49. Qf7+ Kh8 50. Qf8+ 1/2-1/2

[Event "Int. Stuttgarter Stadtmeisterschaft C"]
[Site "Ditzingen"]
[Date "2012.05.18"]
[Round "4.4"]
[White "Winterkorn, Nikolaus"]
[Black "Schröder, Janina"]
[Result "1-0"]
[WhiteElo "1423"]
[BlackElo "1353"]
[PlyCount "85"]
[EventDate "2012.??.??"]
[WhiteTeam "DJK Sportbund Stuttgart e.V."]
[BlackTeam "SV Lahn Limburg"]

1. Nf3 Nf6 2. d4 d5 3. Nc3 Nc6 4. Bg5 Bg4 5. Bxf6 Bxf3 6. exf3 exf6 7. Bb5 a6
8. Bxc6+ bxc6 9. O-O Be7 10. Ne2 O-O 11. Qd3 Bd6 12. Ng3 Bxg3 13. fxg3 Re8 14.
Rae1 Qd6 15. Qc3 Qd7 16. Rxe8+ Rxe8 17. Re1 h6 18. Kf2 Kf8 19. Qd3 Ra8 20. Qh7
Qe6 21. Rxe6 fxe6 22. Qh8+ Ke7 23. Qxa8 Kd7 24. Qxa6 e5 25. dxe5 fxe5 26. Qa3
g5 27. Qd3 h5 28. Qh7+ Kd6 29. Qxh5 c5 30. Qxg5 d4 31. h4 c6 32. h5 c4 33. h6
c5 34. h7 d3 35. Qd2 Kd5 36. h8=Q e4 37. Qd8+ Ke5 38. Qf4+ Ke6 39. Qxe4+ Kf7
40. Qxc4+ Kg6 41. Qdg8+ Kf5 42. Qcd5+ Kf6 43. Qde6# 1-0

[Event "Int. Stuttgarter Stadtmeisterschaft C"]
[Site "Ditzingen"]
[Date "2012.05.18"]
[Round "4.5"]
[White "Jelisavac, Nenad"]
[Black "Giebler, Kai"]
[Result "1-0"]
[WhiteElo "1496"]
[BlackElo "1138"]
[PlyCount "97"]
[EventDate "2012.??.??"]
[WhiteTeam "SK Sieker Bielefeld"]
[BlackTeam "TSF Ditzingen"]

1. f4 d5 2. Nf3 Nf6 3. d4 Nc6 4. e3 Bf5 5. Bb5 e6 6. c3 Be7 7. Qa4 O-O 8. Bxc6
bxc6 9. Qxc6 Be4 10. Nbd2 Bg6 11. Ne5 Bh5 12. h3 Bg6 13. O-O Be4 14. c4 Rb8 15.
Qa4 Ra8 16. Ndf3 dxc4 17. Nxc4 Nh5 18. Nce5 Bh4 19. Bd2 Ng3 20. Rfd1 Ne2+ 21.
Kh1 Ng3+ 22. Kh2 Nf5 23. Be1 Qf6 24. Nd7 Qe7 25. Nxf8 Rxf8 26. g4 Bxf3 27. gxf5
Bxd1 28. Rxd1 Bxe1 29. Rxe1 exf5 30. Qxa7 Qb4 31. Re2 Qc4 32. Re1 Qc2+ 33. Kg1
Qxb2 34. a4 Qd2 35. Kf1 Qd3+ 36. Kf2 h6 37. a5 Qd2+ 38. Re2 Qd1 39. Qb7 Qa4 40.
a6 Kh7 41. a7 Rg8 42. Qxc7 Ra8 43. Qxf7 Rxa7 44. Qxf5+ g6 45. Qc2 Qd7 46. Kg3
Qd5 47. Qc5 Qb7 48. Rc2 Qe4 49. Qxa7+ 1-0

[Event "Int. Stuttgarter Stadtmeisterschaft C"]
[Site "Ditzingen"]
[Date "2012.05.18"]
[Round "4.6"]
[White "Thomas, Leonhard"]
[Black "Stecher, Oliver"]
[Result "1/2-1/2"]
[WhiteElo "1358"]
[BlackElo "1126"]
[PlyCount "47"]
[EventDate "2012.??.??"]
[WhiteTeam "SV Fellbach"]
[BlackTeam "SSV Zuffenhausen"]

1. e4 e5 2. Nf3 Nc6 3. Nc3 Bc5 4. Bb5 Nge7 5. d3 d6 6. h3 Bd7 7. Bd2 O-O 8. Na4
a6 9. Bxc6 Nxc6 10. Nxc5 dxc5 11. Bc3 Qe7 12. Qd2 f6 13. Qe3 Nd4 14. Bxd4 cxd4
15. Qd2 f5 16. Qa5 Rfe8 17. O-O-O b6 18. Qd5+ Qf7 19. Qxf7+ Kxf7 20. exf5 Bxf5
21. Rde1 Kf6 22. Re2 Re7 23. Rhe1 Rae8 24. b3 1/2-1/2

[Event "Int. Stuttgarter Stadtmeisterschaft C"]
[Site "Ditzingen"]
[Date "2012.05.18"]
[Round "4.7"]
[White "Griesche, Veit"]
[Black "Castiglione, David"]
[Result "1/2-1/2"]
[WhiteElo "1291"]
[BlackElo "1063"]
[PlyCount "36"]
[EventDate "2012.??.??"]
[WhiteTeam "SF Oeffingen e.V."]
[BlackTeam "SC Ingersheim e.V."]

1. Nf3 d5 2. c4 Nc6 3. cxd5 Qxd5 4. Nc3 Qa5 5. e4 e5 6. d4 Bg4 7. Bd2 Nxd4 8.
Be2 Bb4 9. a3 Bxf3 10. Bxf3 Bxc3 11. Bxc3 Qc5 12. O-O O-O-O 13. Rc1 Nc6 14. Qb3
Qe7 15. Qa2 g6 16. b4 f5 17. b5 Nd4 18. Bxd4 Rxd4 1/2-1/2

[Event "Int. Stuttgarter Stadtmeisterschaft C"]
[Site "Ditzingen"]
[Date "2012.05.18"]
[Round "4.8"]
[White "Reuß, Tobias"]
[Black "Klein, Werner"]
[Result "1-0"]
[WhiteElo "1277"]
[BlackElo "1070"]
[PlyCount "83"]
[EventDate "2012.??.??"]
[WhiteTeam "SV Besigheim"]
[BlackTeam "SV Stuttgart-Wolfbusch 1956 e.V."]

1. d4 e6 2. e3 d5 3. c4 Nf6 4. Nf3 c5 5. cxd5 cxd4 6. dxe6 Bxe6 7. Nxd4 Qa5+ 8.
Bd2 Bb4 9. Bxb4 Qxb4+ 10. Qd2 Qxd2+ 11. Nxd2 Bd7 12. Bb5 O-O 13. O-O a6 14.
Bxd7 Nbxd7 15. Rac1 Nb6 16. Nc4 Nxc4 17. Rxc4 Ne4 18. Rfc1 Nd6 19. R4c2 Rac8
20. Rd1 Rxc2 21. Nxc2 Ne4 22. Rd7 b6 23. Rb7 b5 24. Ra7 Rd8 25. Nd4 Rc8 26. h3
h6 27. Rxa6 Rc1+ 28. Kh2 Nxf2 29. Nxb5 Nd3 30. b3 Re1 31. Ra3 Nb4 32. Ra4 Nd5
33. e4 Ne3 34. Nd6 Nf1+ 35. Kg1 Rd1 36. Ra8+ Kh7 37. Nxf7 Ng3+ 38. Kh2 Nxe4 39.
a4 Rd4 40. Rb8 Nc5 41. a5 Rd2 42. Rh8+ 1-0

[Event "Int. Stuttgarter Stadtmeisterschaft C"]
[Site "Ditzingen"]
[Date "2012.05.18"]
[Round "4.9"]
[White "Weber, Baldur"]
[Black "Reichmann, Bernd"]
[Result "1-0"]
[WhiteElo "1135"]
[BlackElo "1191"]
[PlyCount "59"]
[EventDate "2012.??.??"]
[WhiteTeam "SC Neckarsulm e.V."]
[BlackTeam "SV Fellbach"]

1. d4 d5 2. c4 c6 3. Nc3 Nf6 4. Bg5 e6 5. a3 Nbd7 6. Qc2 h6 7. Bh4 Be7 8. e3 c5
9. Nf3 Nb6 10. b3 Nfd7 11. Bg3 Nf6 12. Bd3 Bd6 13. O-O Bxg3 14. fxg3 cxd4 15.
exd4 Ng4 16. Rae1 O-O 17. Qe2 Nf6 18. Bb1 Qc7 19. Ne5 Nbd7 20. Qc2 b6 21. Nxd7
Qxd7 22. Rxf6 g6 23. Qd2 Kg7 24. Qf4 Bb7 25. Qe5 Kg8 26. Ref1 Rae8 27. R1f4 Qc6
28. Rh4 dxc4 29. Be4 Qc7 30. Qxc7 1-0

[Event "Int. Stuttgarter Stadtmeisterschaft C"]
[Site "Ditzingen"]
[Date "2012.05.18"]
[Round "4.10"]
[White "Sandmeyer, Alexander"]
[Black "Langen, Oliver"]
[Result "1/2-1/2"]
[WhiteElo "1182"]
[BlackElo "1060"]
[PlyCount "55"]
[EventDate "2012.??.??"]
[WhiteTeam "Stuttgarter SF 1879"]
[BlackTeam "DJK Stuttgart-Süd"]

1. c4 g6 2. Nc3 Bg7 3. g3 e6 4. Bg2 Ne7 5. Nf3 d5 6. cxd5 exd5 7. d4 Bf5 8. O-O
Nec6 9. Bg5 Qd7 10. Re1 O-O 11. e4 dxe4 12. Nxe4 Bxd4 13. Nxd4 Qxd4 14. Nf6+
Kg7 15. Qxd4 Nxd4 16. Bxb7 Nc2 17. Bxa8 Nxa1 18. Rxa1 h6 19. Be3 Kxf6 20. Bg2
a6 21. a3 Re8 22. Bd4+ Ke6 23. Re1+ Kd7 24. Rxe8 Kxe8 25. f4 Be6 26. Bf6 Nd7
27. Bc6 Kf8 28. Bd8 1/2-1/2

[Event "Int. Stuttgarter Stadtmeisterschaft C"]
[Site "Ditzingen"]
[Date "2012.05.18"]
[Round "4.11"]
[White "Dahm, Simon"]
[Black "Stegmiller, Dennis"]
[Result "1-0"]
[WhiteElo "1089"]
[BlackElo "1180"]
[PlyCount "57"]
[EventDate "2012.??.??"]
[WhiteTeam "Spvgg Böblingen"]
[BlackTeam "TSF Ditzingen"]

1. e4 e5 2. Nf3 Nc6 3. d4 exd4 4. Nxd4 Bc5 5. Be3 Bd6 6. Nc3 Nf6 7. Nf5 O-O 8.
Nxd6 cxd6 9. Qxd6 Re8 10. f3 Re6 11. Qg3 Ne8 12. Bc4 Rg6 13. Qf2 b6 14. O-O-O
Qf6 15. Rd5 Nd6 16. Bb3 Bb7 17. Rd3 Ne5 18. Rd4 Nc6 19. Rd2 Re8 20. Nd5 Qe5 21.
Bf4 Qh5 22. h4 Nxe4 23. fxe4 Rxe4 24. Re1 Rxe1+ 25. Qxe1 Re6 26. Qf2 Kh8 27.
Bg3 Na5 28. Nf4 Nxb3+ 29. axb3 1-0

[Event "Int. Stuttgarter Stadtmeisterschaft C"]
[Site "Ditzingen"]
[Date "2012.05.18"]
[Round "4.12"]
[White "Dallinger, Frank"]
[Black "Rümmele, Tobias"]
[Result "1-0"]
[WhiteElo "1025"]
[BlackElo "1418"]
[PlyCount "117"]
[EventDate "2012.??.??"]
[WhiteTeam "SV Stuttgart-Wolfbusch 1956 e.V."]
[BlackTeam "SV Besigheim"]

1. e4 e6 2. d4 d5 3. e5 c5 4. Nf3 Nc6 5. Bb5 Bd7 6. Bxc6 Bxc6 7. Nc3 Qb6 8. O-O
cxd4 9. Nxd4 Rc8 10. Rb1 Bc5 11. Nxc6 Rxc6 12. Na4 Qc7 13. Nxc5 Rxc5 14. Be3
Rc6 15. c3 Ra6 16. a3 Qxe5 17. Bd4 Qg5 18. Qc1 Qxc1 19. Rfxc1 Kf8 20. c4 f6 21.
cxd5 exd5 22. Rc8+ Kf7 23. Rc7+ Ne7 24. Rxb7 Rc8 25. Re1 Re6 26. Kf1 a6 27. Bc3
Rxe1+ 28. Bxe1 Rc6 29. g4 Re6 30. Bb4 g5 31. Bxe7 Rxe7 32. Rb6 Re6 33. Rb4 Kg6
34. Rd4 Re5 35. h3 f5 36. b4 fxg4 37. hxg4 Kf6 38. a4 Ke6 39. b5 axb5 40. a5
Kd6 41. Rd1 Kc6 42. Ra1 Kb7 43. Kg2 d4 44. Rd1 Re4 45. Kf3 Rf4+ 46. Kg3 Ka6 47.
Rh1 Rf7 48. Rh6+ Kxa5 49. Rd6 Rf4 50. Rd5 h6 51. Rd6 b4 52. Rxh6 b3 53. Rh5 b2
54. Rxg5+ Ka4 55. Kxf4 b1=Q 56. Rd5 Kb3 57. Rb5+ Kc2 58. Rxb1 Kxb1 59. Ke4 1-0

[Event "Int. Stuttgarter Stadtmeisterschaft C"]
[Site "Ditzingen"]
[Date "2012.05.18"]
[Round "4.13"]
[White "Günay, Nuri"]
[Black "Steller, Kilian"]
[Result "0-1"]
[WhiteElo "1178"]
[BlackElo "782"]
[PlyCount "56"]
[EventDate "2012.??.??"]
[WhiteTeam "SC Gross-Sachsenheim"]
[BlackTeam "TSF Ditzingen"]

1. d4 Nf6 2. Nc3 g6 3. Bg5 Bg7 4. Nf3 d5 5. e3 O-O 6. Bd3 b6 7. O-O c5 8. Re1
c4 9. Bf1 Nc6 10. Qd2 Ne4 11. Nxe4 dxe4 12. Nh4 Qd5 13. Bxe7 Nxe7 14. g3 Nf5
15. Nxf5 Qxf5 16. Bxc4 Qf3 17. Be2 Qf6 18. d5 Rd8 19. Qb4 Qxb2 20. Qxe4 Bb7 21.
Bc4 b5 22. Rab1 Qe5 23. Qxe5 Bxe5 24. Rxb5 Rac8 25. Rxb7 Rxc4 26. Rxa7 Rxd5 27.
e4 Rd2 28. f4 Bd4+ 0-1

[Event "Int. Stuttgarter Stadtmeisterschaft C"]
[Site "Ditzingen"]
[Date "2012.05.18"]
[Round "4.14"]
[White "Baumann, Sonja"]
[Black "Kreuzhage, Laura"]
[Result "0-1"]
[WhiteElo "1064"]
[BlackElo "1013"]
[PlyCount "63"]
[EventDate "2012.??.??"]
[WhiteTeam "SV Stuttgart-Wolfbusch 1956 e.V."]
[BlackTeam "SK Schmiden/Cannstatt"]

1. e4 d5 2. exd5 Qxd5 3. Nc3 Qa5 4. d4 c6 5. Bc4 Nf6 6. Nf3 Bg4 7. O-O e6 8.
Qd3 Nbd7 9. Re1 Bd6 10. Bd2 Qc7 11. h3 Bf5 12. Qe2 Bxc2 13. Bd3 Bxd3 14. Qxd3
O-O 15. Re2 Nh5 16. Qc2 Nhf6 17. Ng5 Bf4 18. Bxf4 Qxf4 19. Nge4 Rfd8 20. Rd1
Rac8 21. b4 Nd5 22. a3 N7f6 23. Qb1 Nxc3 24. Nxc3 Rxd4 25. Rxd4 Qxd4 26. Qa1 c5
27. bxc5 Rxc5 28. Qd1 Qxd1+ 29. Nxd1 Rc1 30. Rd2 h6 31. Kh2 Ra1 32. Rb2 0-1

[Event "Int. Stuttgarter Stadtmeisterschaft C"]
[Site "Ditzingen"]
[Date "2012.05.18"]
[Round "4.15"]
[White "Spasovski, Dusan"]
[Black "Mackeprang, Jelena"]
[Result "1-0"]
[WhiteElo "1038"]
[BlackElo "949"]
[PlyCount "87"]
[EventDate "2012.??.??"]
[WhiteTeam "VfL Sindelfingen"]
[BlackTeam "SK Schmiden/Cannstatt"]

1. e4 e5 2. Nf3 Nf6 3. Nc3 Nc6 4. Bb5 d5 5. Nxe5 Bd7 6. Nxd7 Qxd7 7. Nxd5 Nxd5
8. exd5 Qxd5 9. Bxc6+ Qxc6 10. O-O O-O-O 11. c3 h5 12. b4 h4 13. h3 Bd6 14. a4
g5 15. b5 Qd5 16. Bb2 Qe5 17. Qg4+ f5 18. f4 fxg4 19. fxe5 Bxe5 20. hxg4 Rxd2
21. Bc1 Bxc3 22. Bxd2 Bxa1 23. Rxa1 Rg8 24. Re1 Kd7 25. Re5 Kd6 26. Rf5 Ke6 27.
Bxg5 a6 28. Bxh4 Rxg4 29. Rh5 Rxa4 30. bxa6 Ra1+ 31. Kh2 bxa6 32. g4 Ra2+ 33.
Kh3 Ra3+ 34. Bg3 Ra1 35. Bxc7 Rh1+ 36. Bh2 Rf1 37. Rh6+ Rf6 38. Rh5 Kf7 39. Ra5
Rh6+ 40. Kg3 Kg7 41. Bg1 Rd6 42. g5 Kg6 43. Kg4 Rd4+ 44. Bxd4 1-0

[Event "Int. Stuttgarter Stadtmeisterschaft C"]
[Site "Ditzingen"]
[Date "2012.05.18"]
[Round "4.16"]
[White "Lemke, Maximilian"]
[Black "Kleih, Julian"]
[Result "0-1"]
[WhiteElo "835"]
[BlackElo "1335"]
[PlyCount "36"]
[EventDate "2012.??.??"]
[WhiteTeam "VfL Sindelfingen"]
[BlackTeam "SV Dettingen Erms"]

1. e4 c5 2. Nc3 Nc6 3. Nf3 g6 4. Ng5 Bg7 5. Nxf7 Kxf7 6. Qf3+ Nf6 7. d3 Rf8 8.
Bg5 Kg8 9. e5 Nxe5 10. Bxf6 Nxf3+ 11. gxf3 Bxf6 12. d4 Bxd4 13. Bc4+ Kh8 14.
Rg1 Rxf3 15. Ne4 d5 16. Ng5 Rxf2 17. Nf7+ Rxf7 18. c3 Bxg1 0-1

[Event "Int. Stuttgarter Stadtmeisterschaft C"]
[Site "Ditzingen"]
[Date "2012.05.18"]
[Round "4.17"]
[White "Günther, Niclas"]
[Black "Hauger, Albrecht"]
[Result "0-1"]
[WhiteElo "762"]
[BlackElo "993"]
[PlyCount "64"]
[EventDate "2012.??.??"]
[WhiteTeam "SF Freiberg"]
[BlackTeam "SC Schachmatt Botnang"]

1. Nf3 d5 2. e3 Nf6 3. Bb5+ c6 4. Ba4 Qc7 5. O-O e6 6. Nd4 Bd6 7. Nc3 Bxh2+ 8.
Kh1 a6 9. b4 b5 10. Bb3 Bd6 11. g3 Bxb4 12. Qf3 c5 13. Ncxb5 axb5 14. Nxb5 Qc6
15. Ba4 Rxa4 16. Nc3 Ra6 17. d4 Bxc3 18. Rb1 Rb6 19. Rb3 Ba6 20. Rd1 Rxb3 21.
cxb3 O-O 22. Ba3 Nbd7 23. b4 cxb4 24. Bxb4 Bxb4 25. Ra1 Qc3 26. Qd1 Ne4 27. a3
Nxf2+ 28. Kg2 Nxd1 29. Kf3 Qxa1 30. axb4 Qc3 31. Kg4 Be2+ 32. Kf4 Qxe3# 0-1

[Event "Int. Stuttgarter Stadtmeisterschaft C"]
[Site "Ditzingen"]
[Date "2012.05.18"]
[Round "4.18"]
[White "Zacke, Tamara"]
[Black "Fey, Karl-Heinz"]
[Result "1-0"]
[WhiteElo "982"]
[BlackElo "884"]
[PlyCount "50"]
[EventDate "2012.??.??"]
[WhiteTeam "SV Stuttgart-Wolfbusch 1956 e.V."]
[BlackTeam "SC 1926 Haßloch"]

1. e4 c5 2. Nc3 Nc6 3. Bc4 e5 4. d3 Be7 5. Nge2 d6 6. O-O Bg4 7. f4 Nf6 8. Be3
h6 9. f5 Nd7 10. h3 Bxe2 11. Qxe2 O-O 12. Bxh6 gxh6 13. Qg4+ Bg5 14. h4 Nf6 15.
Qg3 Nh5 16. Qf3 Nf4 17. Qg4 Kh7 18. hxg5 Rg8 19. g6+ fxg6 20. Bxg8+ Qxg8 21.
fxg6+ Nxg6 22. Nd5 Qd8 23. Rf7+ Kh8 24. Qxg6 Qg8 25. Qxh6+ Qh7 1-0

[Event "Int. Stuttgarter Stadtmeisterschaft C"]
[Site "Ditzingen"]
[Date "2012.05.18"]
[Round "4.20"]
[White "Zeller, Fabian"]
[Black "Visvikis, Kassandra"]
[Result "1-0"]
[WhiteElo "905"]
[BlackElo "763"]
[PlyCount "47"]
[EventDate "2012.??.??"]
[WhiteTeam "TV Zazenhausen"]
[BlackTeam "SK Villingen"]

1. d4 d5 2. c4 e6 3. Nc3 Nf6 4. Bf4 Bd6 5. Qd2 O-O 6. Nf3 Nc6 7. Bxd6 cxd6 8.
e3 e5 9. Be2 exd4 10. Nxd4 Nxd4 11. Qxd4 Be6 12. Nxd5 Qa5+ 13. b4 Qd8 14. O-O
Nxd5 15. cxd5 Bd7 16. Rac1 Rc8 17. Bd3 a6 18. Qe4 g6 19. Rc4 Bf5 20. Qd4 Qd7
21. Rfc1 Qa4 22. Bxf5 b5 23. Rxc8 Rxc8 24. Rxc8# 1-0

[Event "Int. Stuttgarter Stadtmeisterschaft C"]
[Site "Ditzingen"]
[Date "2012.05.18"]
[Round "4.23"]
[White "Erben, Katrin"]
[Black "König, Anja"]
[Result "1-0"]
[WhiteElo "1234"]
[BlackElo "934"]
[PlyCount "93"]
[EventDate "2012.??.??"]
[WhiteTeam "SV Stuttgart-Wolfbusch 1956 e.V."]
[BlackTeam "SC Grunbach"]

1. e4 e6 2. d4 d5 3. e5 b6 4. Nf3 Ba6 5. Bxa6 Nxa6 6. Qd3 Nb4 7. Qb3 c5 8. a3
c4 9. Qa4+ Qd7 10. Qxd7+ Kxd7 11. axb4 Bxb4+ 12. c3 Ba5 13. b4 cxb3 14. Ng5 Nh6
15. O-O Rac8 16. Bb2 Ke7 17. Ra3 Nf5 18. Rxb3 h6 19. Nf3 g5 20. h3 f6 21. Na3
a6 22. Rc1 b5 23. Nc2 h5 24. Ne3 Nxe3 25. fxe3 g4 26. exf6+ Kxf6 27. Ne5 g3 28.
Rf1+ Kg7 29. Ra3 Rhf8 30. Rxa5 Rf2 31. Nd3 Rd2 32. Rfa1 Rxd3 33. Re1 Rd2 34.
Bc1 Rc2 35. Ba3 Kf7 36. Bb4 h4 37. Rea1 Ke8 38. Kf1 Kd7 39. Rxa6 Rf2+ 40. Ke1
Rxg2 41. Rd6+ Ke7 42. Rxd5+ Kf6 43. Rh5 Rg1+ 44. Ke2 Rh1 45. Rxh4 g2 46. Rf4+
Kg5 47. Rg4+ 1-0

[Event "Int. Stuttgarter Stadtmeisterschaft C"]
[Site "Ditzingen"]
[Date "2012.05.19"]
[Round "5.1"]
[White "Dietermann, Frank"]
[Black "Winterkorn, Nikolaus"]
[Result "0-1"]
[WhiteElo "1432"]
[BlackElo "1423"]
[PlyCount "80"]
[EventDate "2012.??.??"]
[WhiteTeam "SC Grunbach"]
[BlackTeam "DJK Sportbund Stuttgart e.V."]

1. b4 e5 2. Bb2 d6 3. e3 Nf6 4. c4 Nbd7 5. Nc3 b6 6. Nf3 h6 7. d3 Bb7 8. Be2
Be7 9. O-O O-O 10. e4 Nh7 11. Nd2 a6 12. f4 exf4 13. Rxf4 Bf6 14. Rf1 Ng5 15.
Bg4 Ne5 16. Nd5 Bxd5 17. cxd5 Nxg4 18. Bxf6 Nxf6 19. h4 Ngh7 20. Rf4 Qe7 21. d4
g5 22. hxg5 hxg5 23. Rf2 Kg7 24. Qe2 Rfe8 25. Raf1 Rf8 26. e5 Nxd5 27. Qh5 f6
28. exf6+ Rxf6 29. Nf3 Qe8 30. Qh3 Qc8 31. Qg3 g4 32. Nh2 Rxf2 33. Rxf2 Nhf6
34. Nf1 Qe6 35. Nd2 Rf8 36. a3 Nh5 37. Qd3 Rxf2 38. Kxf2 Qf6+ 39. Kg1 Qf4 40.
Ne4 g3 0-1

[Event "Int. Stuttgarter Stadtmeisterschaft C"]
[Site "Ditzingen"]
[Date "2012.05.19"]
[Round "5.2"]
[White "Sax, Leon"]
[Black "Udaykumar, Arunn Mark"]
[Result "1-0"]
[WhiteElo "1251"]
[BlackElo "1253"]
[PlyCount "55"]
[EventDate "2012.??.??"]
[WhiteTeam "SC Gross-Sachsenheim"]
[BlackTeam "SK Villingen"]

1. e4 c5 2. Bc4 Nc6 3. Nf3 Nf6 4. Ng5 d5 5. exd5 Nxd5 6. Qf3 Be6 7. Nxe6 fxe6
8. Nc3 Nd4 9. Bb5+ Nc6 10. Bxc6+ bxc6 11. a3 Qd6 12. Ne4 Qe5 13. O-O c4 14. Re1
g6 15. d3 cxd3 16. Qxd3 Rd8 17. Qa6 Bg7 18. Qxc6+ Rd7 19. Bd2 Qc7 20. Qxe6 Rf8
21. c3 Nf4 22. Qb3 Nd3 23. Re2 Be5 24. g3 h5 25. Ng5 Rf6 26. Qg8+ Rf8 27. Qxg6+
Kd8 28. Ne6+ 1-0

[Event "Int. Stuttgarter Stadtmeisterschaft C"]
[Site "Ditzingen"]
[Date "2012.05.19"]
[Round "5.3"]
[White "Schröder, Oliver"]
[Black "Jelisavac, Nenad"]
[Result "1/2-1/2"]
[WhiteElo "1370"]
[BlackElo "1496"]
[PlyCount "66"]
[EventDate "2012.??.??"]
[WhiteTeam "SV Lahn Limburg"]
[BlackTeam "SK Sieker Bielefeld"]

1. e4 c5 2. Nf3 Nc6 3. d4 cxd4 4. Nxd4 Nf6 5. Nc3 e6 6. Nf3 Bb4 7. Bd2 O-O 8.
Bd3 d5 9. e5 Bxc3 10. Bxc3 Ne4 11. Bxe4 dxe4 12. Qxd8 Rxd8 13. Nd2 Rd5 14. Nxe4
Nxe5 15. O-O Bd7 16. Rfd1 Bc6 17. Rxd5 exd5 18. Ng3 Nc4 19. b3 Na3 20. Rc1 Nb5
21. Bb2 Re8 22. h3 Nd6 23. Rd1 Ne4 24. Nf5 f6 25. Ne3 Kf7 26. Nxd5 Rd8 27. Ne3
Re8 28. Nf5 g6 29. Nh6+ Kg7 30. Ng4 h5 31. Ne3 Kf7 32. Nc4 Re6 33. Ne3 Rd6
1/2-1/2

[Event "Int. Stuttgarter Stadtmeisterschaft C"]
[Site "Ditzingen"]
[Date "2012.05.19"]
[Round "5.4"]
[White "Reuß, Tobias"]
[Black "Su, Kai"]
[Result "1/2-1/2"]
[WhiteElo "1277"]
[BlackElo "1375"]
[PlyCount "97"]
[EventDate "2012.??.??"]
[WhiteTeam "SV Besigheim"]
[BlackTeam "Spvgg Böblingen"]

1. d4 d5 2. e3 Nf6 3. Nf3 Bf5 4. c4 e6 5. Qb3 b6 6. cxd5 Qxd5 7. Qxd5 exd5 8.
Ne5 Bd6 9. Bb5+ Nbd7 10. f4 O-O 11. h3 Bb4+ 12. Bd2 Bxd2+ 13. Nxd2 a6 14. Bc6
Rab8 15. g4 Nxe5 16. dxe5 Bd7 17. exf6 Bxc6 18. fxg7 Kxg7 19. Rc1 Bb7 20. Rxc7
d4 21. Rg1 dxe3 22. Nc4 Bd5 23. Nxe3 Bxa2 24. Nf5+ Kg8 25. Rg2 Be6 26. Ne7+ Kg7
27. f5 Bb3 28. g5 Rbd8 29. g6 Rd1+ 30. Ke2 hxg6 31. Rg3 Ba4 32. b3 Bxb3 33.
Rxb3 Rd6 34. fxg6 Re6+ 35. Kd2 fxg6 36. Rg3 Rf7 37. Nf5+ Kf6 38. Rxf7+ Kxf7 39.
Nd4 Rd6 40. Kc3 Kf6 41. Kc4 Ke5 42. Rg5+ Ke4 43. Nc2 Rc6+ 44. Kb3 a5 45. Rg4+
Ke5 46. Rg5+ Kf6 47. Rg4 Rd6 48. Kc4 Rc6+ 49. Kb3 1/2-1/2

[Event "Int. Stuttgarter Stadtmeisterschaft C"]
[Site "Ditzingen"]
[Date "2012.05.19"]
[Round "5.5"]
[White "Weber, Baldur"]
[Black "Visvikis, Christos"]
[Result "0-1"]
[WhiteElo "1135"]
[BlackElo "1320"]
[PlyCount "55"]
[EventDate "2012.??.??"]
[WhiteTeam "SC Neckarsulm e.V."]
[BlackTeam "SK Villingen"]

1. d4 d5 2. c4 e6 3. Nc3 Nf6 4. Bg5 Be7 5. Bxf6 Bxf6 6. e4 dxe4 7. Nge2 Nc6 8.
Nxe4 Bxd4 9. Nxd4 Nxd4 10. Rc1 O-O 11. Bd3 Nc6 12. a3 Ne5 13. Rc3 b6 14. Qc2
Bb7 15. Ng3 Nxd3+ 16. Rxd3 Qf6 17. O-O Qg6 18. Qc3 f5 19. f4 Qf6 20. Qb3 Rfe8
21. Rfd1 Qh4 22. c5 Qxf4 23. cxb6 axb6 24. Rd4 Qe5 25. Kh1 f4 26. Qc4 fxg3 27.
h3 Qf5 28. Rf1 0-1

[Event "Int. Stuttgarter Stadtmeisterschaft C"]
[Site "Ditzingen"]
[Date "2012.05.19"]
[Round "5.6"]
[White "Stecher, Oliver"]
[Black "Dahm, Simon"]
[Result "1/2-1/2"]
[WhiteElo "1126"]
[BlackElo "1089"]
[PlyCount "81"]
[EventDate "2012.??.??"]
[WhiteTeam "SSV Zuffenhausen"]
[BlackTeam "Spvgg Böblingen"]

1. e4 c5 2. Nf3 d6 3. h3 Nf6 4. d3 g6 5. Be3 Qb6 6. Qc1 Bg7 7. Nbd2 Be6 8. c3
O-O 9. d4 cxd4 10. Nxd4 Qc7 11. Nxe6 fxe6 12. Qc2 Nc6 13. f4 Nh5 14. Qb3 Qd7
15. f5 gxf5 16. exf5 Rxf5 17. g4 Na5 18. Qb4 Re5 19. O-O-O Rxe3 20. gxh5 b6 21.
Qg4 Kh8 22. Rg1 Be5 23. Nf3 Bf6 24. Ng5 Qe8 25. Bd3 Qg8 26. Bxh7 Qxg5 27. Qxg5
Bxg5 28. Rxg5 Kxh7 29. Kd2 Nc4+ 30. Kc2 Rf8 31. Rd4 Rf2+ 32. Kb3 Na5+ 33. Ka4
Rxb2 34. Rdg4 Rxa2+ 35. Kb4 Rb2+ 36. Ka3 Rb3+ 37. Ka4 b5+ 38. Kxa5 Ra3+ 39.
Kxb5 Re5+ 40. Rxe5 dxe5 41. Re4 1/2-1/2